|
|
|
|
| LEADER |
01151nab#a2200361#ar4500 |
| 001 |
000088913 |
| 003 |
SVKKK |
| 005 |
20080417095714.0 |
| 008 |
080401d1904 xo |||||||||||||||b|hun |
| FMT |
|
|
|
| 038 |
|
|
|a SVKKK
|
| 040 |
|
|
|a SVKKK
|b slo
|e AACR2
|
| 041 |
0 |
|
|a hun
|
| 044 |
|
|
|a xo
|c SK
|
| 080 |
|
|
|a 37.011.31
|2 1997
|
| 080 |
|
|
|a 929 Ettig, Karol
|2 1997
|
| 242 |
1 |
0 |
|a Poverenie
|y slo
|
| 245 |
1 |
0 |
|a Megbizás
|
| 500 |
|
|
|a Popis z mikrofilmu
|
| 600 |
0 |
4 |
|a Ettig, Karol
|d 18??-19??
|x učiteľ, inšpektor Zemplínskej župy
|z Sánnicolaul-mare (Rumunsko)
|x pôsobenie ukončené
|z Sátoraljaújhely (Slovensko/Maďarsko)
|x menovanie
|y 1904
|
| 650 |
0 |
4 |
|a inšpektor Zemplínskej župy (funkcia)
|x menovanie úradné
|y 1904
|
| 655 |
|
4 |
|a hungariká
|
| 773 |
0 |
|
|t Felsőmagyarországi Hirlap : Politikai ujság
|g Roč. 7, č. 58 (23.07.1904), s. 3
|
| 957 |
|
|
|a Sánnicolaul-mare
|
| 957 |
|
|
|a Sátoraljaújhely
|
| 958 |
|
|
|a HU
|
| 958 |
|
|
|a DG
|
| 992 |
|
|
|a RBX
|
| 997 |
|
|
|a Ettig, Károly p. Ettig, Karol
|d Szerbnagyszentmiklós p. Sánnicolaul-mare (Rumunsko)
|
| 997 |
|
|
|d Sátoraljaújhely
|
| BAS |
|
|
|
| 852 |
|
|
|a SVKKK
|b BIB
|
| 998 |
|
|
|a RETRO
|